000 11596cam a2202233 a 4500
999 _c53316
001 9592857
003 LIBRIS
005 20200923130653.0
008 040812s2004 sw |||||||||||000 0|swe|c
020 _a9127098435
_qinb.
035 _a(Bo)357663
040 _aHtuv
_dNB
_dKrh
_ea
041 _aswe
082 0 4 _a158.1
_222
084 _aDokb
_2kssb/7
084 _aX80
_2agrissc
084 _aDokb
100 1 _aKåver, Anna,
_d1952-
_4aut
_0https://libris.kb.se/zw9cfgwh3rzlqzm#it
245 1 0 _aAtt leva ett liv, inte vinna ett krig :
_bom acceptans /
_cAnna Kåver.
264 1 _aStockholm :
_bNatur och kultur,
_c2004
264 3 _aFinland
300 _a123, [1] s.
_c21 cm
500 _a2.-3. tr., 2004 ; 4.-7. tr., 2005 ; 9. tr., 2007
500 _aÄven utgiven i elektronisk version
541 _5Li
650 7 _aPersonlig utveckling
_0https://id.kb.se/term/sao/Personlig%20utveckling
_2sao
650 2 _aPersonality development
650 2 _aSelf concept
650 0 _aMaturation (Psychology)
653 _aPersonlig utveckling
653 _aKris
653 _aFörändring
653 _aAcceptans
698 _a20041101
776 0 _tAtt leva ett liv, inte vinna ett krig
_d2004
_z91-27-09611-4
_w9760029
852 8 _dDok
887 _a{"@id":"k2vtd5lw4lzv8hd","modified":"2018-10-12T11:00:31.348+02:00","checksum":"72501847418"}
_2librisxl
887 _a{"@id":"fkrfklrl0b1w5tk","modified":"2014-08-25T11:40:17+02:00","checksum":"43770012980"}
_2librisxl
887 _a{"@id":"sx52spnz0d1582c","modified":"2016-01-25T11:18:32+01:00","checksum":"51656959390"}
_2librisxl
887 _a{"@id":"djqr8pmk3ksnxq4","modified":"2009-07-02T16:14:08+02:00","checksum":"47185649613"}
_2librisxl
887 _a{"@id":"48g3jkg946kfdb9","modified":"2014-04-01T11:11:36+02:00","checksum":"43076131316"}
_2librisxl
887 _a{"@id":"z383dkv45fctmqs","modified":"2012-04-30T11:23:35+02:00","checksum":"60684638420"}
_2librisxl
887 _a{"@id":"15b595d64763ln1","modified":"2005-01-17T16:11:19+01:00","checksum":"58682051330"}
_2librisxl
887 _a{"@id":"tz4x6jr00x337v8","modified":"2004-11-17T15:09:12+01:00","checksum":"43971866766"}
_2librisxl
887 _a{"@id":"fksxvzxl4nf28w2","modified":"2016-12-22T11:14:33+01:00","checksum":"50433437754"}
_2librisxl
887 _a{"@id":"26c58fb72j8z7h7","modified":"2005-03-31T15:10:05+02:00","checksum":"65142934510"}
_2librisxl
887 _a{"@id":"8dlkn0zf22j6jtr","modified":"2008-08-20T11:24:09+02:00","checksum":"44316577943"}
_2librisxl
887 _a{"@id":"6bjdx7qc04jnnc1","modified":"2017-02-08T08:53:45+01:00","checksum":"42381959663"}
_2librisxl
887 _a{"@id":"mrzcwwds133n9s6","modified":"2012-04-03T09:28:08+02:00","checksum":"51202814403"}
_2librisxl
887 _a{"@id":"59g8h0pb3n3h9kk","modified":"2016-10-18T16:51:47+02:00","checksum":"43541692612"}
_2librisxl
887 _a{"@id":"8dkdz91f47gfvk8","modified":"2005-06-29T15:34:23+02:00","checksum":"57058473585"}
_2librisxl
887 _a{"@id":"sx3xgrfz10l09qp","modified":"2005-06-13T13:58:15+02:00","checksum":"59415808977"}
_2librisxl
887 _a{"@id":"26c6ffx71639r47","modified":"2013-05-28T15:11:07+02:00","checksum":"52870015646"}
_2librisxl
887 _a{"@id":"fkqjqzsl3t8h1z3","modified":"2016-03-07T09:52:39+01:00","checksum":"69367410872"}
_2librisxl
887 _a{"@id":"qv1vfl9w34s3c4s","modified":"2012-01-04T13:22:02+01:00","checksum":"58599859665"}
_2librisxl
887 _a{"@id":"jntlmbhp2xl4kpr","modified":"2013-02-25T13:44:47+01:00","checksum":"47261801771"}
_2librisxl
887 _a{"@id":"rw2w5xsx1jq0bsn","modified":"2005-03-01T09:14:50+01:00","checksum":"44194721826"}
_2librisxl
887 _a{"@id":"kpvnsc9q00gq0f2","modified":"2004-11-17T11:18:19+01:00","checksum":"50467207075"}
_2librisxl
887 _a{"@id":"hmvbnxfn5kvjcqs","modified":"2018-04-05T10:50:55+02:00","checksum":"47951943744"}
_2librisxl
887 _a{"@id":"x281nh935rmc894","modified":"2015-01-19T16:13:06+01:00","checksum":"59806700590"}
_2librisxl
887 _a{"@id":"z3824qp41nmbqlk","modified":"2004-09-08T15:00:58+02:00","checksum":"84228112758"}
_2librisxl
887 _a{"@id":"djpjrh5k1l9hnf8","modified":"2013-10-14T08:09:28+02:00","checksum":"53955808218"}
_2librisxl
887 _a{"@id":"mrxqswts3mwk90v","modified":"2013-11-04T11:57:23+01:00","checksum":"86637664124"}
_2librisxl
887 _a{"@id":"fkrmvvxl03fdq8p","modified":"2016-01-28T13:48:27+01:00","checksum":"44756573322"}
_2librisxl
887 _a{"@id":"nzxzp4jvlssck52c","modified":"2019-06-12T11:03:07.464+02:00","checksum":"43792116687"}
_2librisxl
887 _a{"@id":"glrkzcmm5rm9n4b","modified":"2016-06-20T13:46:42+02:00","checksum":"62587545632"}
_2librisxl
887 _a{"@id":"7cldw9jd3hg6gl9","modified":"2015-06-22T09:59:36+02:00","checksum":"42625576412"}
_2librisxl
887 _a{"@id":"6k60r4gq4sf2v4rn","modified":"2020-08-28T13:46:39.559+02:00","checksum":"43581437034"}
_2librisxl
887 _a{"@id":"0494d4052mzrjcr","modified":"2005-06-16T11:49:11+02:00","checksum":"43159932421"}
_2librisxl
887 _a{"@id":"x272zkx35s38lhn","modified":"2012-02-03T13:51:23+01:00","checksum":"52382687100"}
_2librisxl
887 _a{"@id":"fkqjq07l03hhk8x","modified":"2004-12-29T10:27:15+01:00","checksum":"65106323731"}
_2librisxl
887 _a{"@id":"9fld54kg2b6ffvr","modified":"2011-03-01T13:30:26+01:00","checksum":"46357452586"}
_2librisxl
887 _a{"@id":"15b46lh62dvzn1f","modified":"2004-09-06T15:54:48+02:00","checksum":"57305624425"}
_2librisxl
887 _a{"@id":"qv2wnm3w57qcfvg","modified":"2019-12-02T13:03:09.488+01:00","checksum":"56953746829"}
_2librisxl
887 _a{"@id":"mrzj8sps3mrgnb3","modified":"2020-01-28T12:30:20.379+01:00","checksum":"55159007040"}
_2librisxl
887 _a{"@id":"chngmz5j15tnw7h","modified":"2004-10-08T19:42:21+02:00","checksum":"54470462734"}
_2librisxl
887 _a{"@id":"glrlwc1m133l03r","modified":"2016-07-06T08:56:42+02:00","checksum":"54333449751"}
_2librisxl
887 _a{"@id":"48f7ggm93km1xgl","modified":"2013-01-02T09:45:20+01:00","checksum":"73447339700"}
_2librisxl
887 _a{"@id":"04935kg55j3vskc","modified":"2004-09-06T15:54:34+02:00","checksum":"63967856038"}
_2librisxl
887 _a{"@id":"48f79pl95q0rcb2","modified":"2004-09-06T15:54:56+02:00","checksum":"54762422830"}
_2librisxl
887 _a{"@id":"z383rrl4258qhx6","modified":"2005-08-08T13:41:38+02:00","checksum":"53670014138"}
_2librisxl
887 _a{"@id":"chnhw8kj5s9sk9l","modified":"2005-04-14T11:01:01+02:00","checksum":"57293519802"}
_2librisxl
887 _a{"@id":"9flf2v1g0875wtx","modified":"2015-08-07T15:48:46+02:00","checksum":"62661470870"}
_2librisxl
887 _a{"@id":"59g8f0mb452zgrb","modified":"2006-12-20T17:11:49+01:00","checksum":"59967441690"}
_2librisxl
887 _a{"@id":"x8ws764mv7jpxt7v","modified":"2019-12-11T11:03:07.949+01:00","checksum":"41503194311"}
_2librisxl
887 _a{"@id":"rw48jmxx2xjz73f","modified":"2017-01-04T15:35:59+01:00","checksum":"62087348198"}
_2librisxl
942 _2z
_cBOOK